=LDR 00000nam 2200000 4500 =001 INLIS000000000048784 =005 20170109113039.0 =006 =007 =008 =035 ##$$0010-011700000000065 =082 ##$$a 121 =084 ##$$a 121$bPen$cp =100 ##$$a Dirdjosisworo,Soedjono =245 ##$$a Pengantar pestemologi dan logika =260 ##$$a Bandung$bRemaja karya$c1985 =300 ##$$a 100Hlm$bIlus$c20 cm.